مكتبة جامعة عجلون الوطنية

فهرس بحث المكتبة

شعرية قصيدة التفاصيل-كتاب الحصار ومديح الظل العالي نموذجا = The poetics of 'Details of the poem': The Siege Book' and 'The Praise of the High Shadow' as Models / (Record no. 33692)

MARC details
000 -LEADER
fixed length control field 01057nam a22002057a 4500
003 - CONTROL NUMBER IDENTIFIER
control field JO-AjAnu
005 - DATE AND TIME OF LATEST TRANSACTION
control field 20240921100424.0
008 - FIXED-LENGTH DATA ELEMENTS--GENERAL INFORMATION
fixed length control field 240918b jo ||||| |||| 00| 0 ara d
040 ## - CATALOGING SOURCE
Original cataloging agency JO-AjAnu
Language of cataloging ara
Transcribing agency JO-AjAnu
Description conventions rda
041 ## - LANGUAGE CODE
Language code of text/sound track or separate title ara
Language code of original ara
050 ## - LIBRARY OF CONGRESS CALL NUMBER
Classification number PJ7542
Item number 2024
100 #1 - MAIN ENTRY--PERSONAL NAME
Personal name الزواهرة، ربى محمد علي
Relator term معد
9 (RLIN) 66223
245 #0 - TITLE STATEMENT
Title شعرية قصيدة التفاصيل-كتاب الحصار ومديح الظل العالي نموذجا = The poetics of 'Details of the poem': The Siege Book' and 'The Praise of the High Shadow' as Models /
Statement of responsibility, etc. اعداد ربى محمد علي الزواهرة ؛ اشراف عبدالرحيم المراشدة
260 ## - PUBLICATION, DISTRIBUTION, ETC.
Date of publication, distribution, etc. 2024
300 ## - PHYSICAL DESCRIPTION
Extent 145 ورقة
504 ## - BIBLIOGRAPHY, ETC. NOTE
Bibliography, etc. note رسالة جامعية( ماجستير في اللغة العربية) -(جامعة عجلون الوطنية) عجلون،الاردن، كلية الاداب، 2024.
650 70 - SUBJECT ADDED ENTRY--TOPICAL TERM
Topical term or geographic name entry element النثر العربي-تاريخ ونقد
9 (RLIN) 66224
700 #1 - ADDED ENTRY--PERSONAL NAME
Personal name مراشدة، عبدالرحيم
9 (RLIN) 63488
Relator term مشرف
942 ## - ADDED ENTRY ELEMENTS (KOHA)
Source of classification or shelving scheme Library of Congress Classification
Koha item type Thesis
Suppress in OPAC No
Holdings
Withdrawn status Lost status Source of classification or shelving scheme Damaged status Not for loan Home library Current library Date acquired Total Checkouts Full call number Barcode Date last seen Price effective from Koha item type
    Library of Congress Classification     مكتبة جامعة عجلون الوطنية مكتبة جامعة عجلون الوطنية 18/09/2024   PJ7542 2024 a30051 18/09/2024 18/09/2024 Thesis
    Library of Congress Classification     مكتبة جامعة عجلون الوطنية مكتبة جامعة عجلون الوطنية 18/09/2024   PJ7542 2024 a30050 18/09/2024 18/09/2024 Thesis